Návrh systému riadenia vozidla pri zaťažení počas prejazdu zákrutou

Gespeichert in:
Bibliographische Detailangaben
1. Verfasser: Batista, Gabriel (Verfasst von)
Weitere Verfasser: Garan, Martin (Betreuung Doktorarbeit)
Format: Manuskript Buch
Sprache:Slowakisch
Englisch
Veröffentlicht: 2015
Schlagworte:
Online-Zugang:http://is.stuba.sk/zp/portal_zp.pl?podrobnosti=103753
Tags: Tag hinzufügen
Keine Tags, Fügen Sie das erste Tag hinzu!

MARC

LEADER 00000ntm a22000003a 4500
001 stuzp51899
003 SK-STU
005 20160719154012.0
007 ta
008 150427s2015----xo-----f-mn---000-0-slo-d
040 |a STU  |b slo 
041 0 |a eng 
100 1 |a Batista, Gabriel  |u 020010  |4 aut  |U SjF Strojnícka fakulta  |T SjF Ústav aplikovanej mechaniky a mechatroniky  |X 68012  |U J0010  |Y 801  |7 A000068012 
242 0 1 |a Návrh systému riadenia vozidla pri zaťažení počas prejazdu zákrutou  |y slo 
245 1 0 |a Návrh systému riadenia vozidla pri zaťažení počas prejazdu zákrutou 
260 |c 2015 
650 4 |a priečne zrýchlenie  |2 slo 
650 4 |a riadiaci systém  |2 slo 
650 4 |a priama spätná väzba výstupu  |2 slo 
650 4 |a Kálmánov filter  |2 slo 
650 4 |a static output feedback  |2 eng 
650 4 |a lateral acceleration  |2 eng 
650 4 |a steering control system  |2 eng 
650 4 |a Kalman filter  |2 eng 
700 1 |a Garan, Martin  |4 ths  |X 10008  |7 A000010008 
856 4 |u http://is.stuba.sk/zp/portal_zp.pl?podrobnosti=103753 
SQL |a stuzp51899  |b DDP  |c ENG  |d Návrh systému riadenia vozidla pri zaťažení počas prejazdu zákrutou  |e 68012  |f Batista, Gabriel  |g 020010  |h 10008  |i Garan, Martin  |j 20150617  |k 57  |l 02  |m http://is.stuba.sk/zp/portal_zp.pl?podrobnosti=103753  |n I-MECH  |o 5.2.16. mechatronika